<?xml version="1.0" encoding="UTF-8"?>
<record
    xmlns:xsi="http://www.w3.org/2001/XMLSchema-instance"
    xsi:schemaLocation="http://www.loc.gov/MARC21/slim http://www.loc.gov/standards/marcxml/schema/MARC21slim.xsd"
    xmlns="http://www.loc.gov/MARC21/slim">

  <leader>01518cam a2200289   4500500</leader>
  <controlfield tag="005">20251228073416.0</controlfield>
  <datafield tag="041" ind1=" " ind2=" ">
    <subfield code="a">fre</subfield>
  </datafield>
  <datafield tag="042" ind1=" " ind2=" ">
    <subfield code="a">dc</subfield>
  </datafield>
  <datafield tag="100" ind1="1" ind2="0">
    <subfield code="a">Le Brun, Jacques</subfield>
    <subfield code="e">author</subfield>
  </datafield>
  <datafield tag="245" ind1="0" ind2="0">
    <subfield code="a">Refus de l'extase et assomption de l'&#xE9;criture dans la mystique moderne</subfield>
  </datafield>
  <datafield tag="260" ind1=" " ind2=" ">
    <subfield code="c">2007.
							</subfield>
  </datafield>
  <datafield tag="500" ind1=" " ind2=" ">
    <subfield code="a">99</subfield>
  </datafield>
  <datafield tag="520" ind1=" " ind2=" ">
    <subfield code="a">R&#xE9;sum&#xE9;Alors qu&#x2019;au xviie si&#xE8;cle la mystique semble tenir une place centrale dans la spiritualit&#xE9; chr&#xE9;tienne, la m&#xE9;fiance n&#x2019;a cess&#xE9; d&#x2019;accompagner cet essor et cela pas seulement de la part des esprits forts, mais aussi de th&#xE9;ologiens &#xAB;&#xA0;&#xE9;clair&#xE9;s&#xA0;&#xBB;&#xA0;: l&#x2019;extase est une cible privil&#xE9;gi&#xE9;e de ces critiques&#xA0;; c&#x2019;est dans l&#x2019;&#xE9;criture plut&#xF4;t que dans des ph&#xE9;nom&#xE8;nes sensibles que se r&#xE9;alise l&#x2019;extase.</subfield>
  </datafield>
  <datafield tag="520" ind1=" " ind2=" ">
    <subfield code="a">Whereas in the 17th century, mysticism seems to occupy a central place in Christian spirituality, a deep distrust parallels this rise not only on the part of freethinkers but also from &#x2018;enlightened&#x2019; theologians&#x2019;: ecstasy is the target of their censures; ecstasy is achieved in writing rather than in sensorial phenomena.</subfield>
  </datafield>
  <datafield tag="690" ind1=" " ind2=" ">
    <subfield code="a">amour</subfield>
  </datafield>
  <datafield tag="690" ind1=" " ind2=" ">
    <subfield code="a">d&#xE9;mons</subfield>
  </datafield>
  <datafield tag="690" ind1=" " ind2=" ">
    <subfield code="a">&#xE9;criture</subfield>
  </datafield>
  <datafield tag="690" ind1=" " ind2=" ">
    <subfield code="a">martyre</subfield>
  </datafield>
  <datafield tag="690" ind1=" " ind2=" ">
    <subfield code="a">mystique</subfield>
  </datafield>
  <datafield tag="690" ind1=" " ind2=" ">
    <subfield code="a">demons</subfield>
  </datafield>
  <datafield tag="690" ind1=" " ind2=" ">
    <subfield code="a">love</subfield>
  </datafield>
  <datafield tag="690" ind1=" " ind2=" ">
    <subfield code="a">martyrdom</subfield>
  </datafield>
  <datafield tag="690" ind1=" " ind2=" ">
    <subfield code="a">mystic</subfield>
  </datafield>
  <datafield tag="690" ind1=" " ind2=" ">
    <subfield code="a">writing</subfield>
  </datafield>
  <datafield tag="786" ind1="0" ind2=" ">
    <subfield code="n">Savoirs et clinique | 8 | 1 | 2007-10-18 | p. 37-45 | 1634-3298</subfield>
  </datafield>
  <datafield tag="856" ind1="4" ind2="1">
    <subfield code="u">https://shs.cairn.info/revue-savoirs-et-cliniques-2007-1-page-37?lang=fr&amp;redirect-ssocas=7080</subfield>
  </datafield>
  <datafield tag="999" ind1=" " ind2=" ">
    <subfield code="c">1595213</subfield>
    <subfield code="d">1595213</subfield>
  </datafield>
</record>
